Vznik, změny a skončení pracovního poměru

Na minha lista:
Detalhes bibliográficos
Autor principal: Bernard, František
Outros Autores: Pavlátová, Jarmila
Formato: Livro
Idioma:tcheco
Publicado em: Praha Práce 1984
Colecção:Příruční knihovna ROH
Tags: Adicionar Tag
Sem tags, seja o primeiro a adicionar uma tag!

MARC

LEADER 00000nam a2200000 4500
001 c108607
005 20250515065034.8
041 0 |a cze 
044 |a CZ 
245 1 0 |a Vznik, změny a skončení pracovního poměru  |c František Bernard, Jarmila Pavlátová 
264 1 |a Praha  |b Práce  |c 1984 
300 |a 372 s. 
490 1 |a Příruční knihovna ROH 
830 0 |a Příruční knihovna ROH 
100 1 |a Bernard, František 
700 1 |a Pavlátová, Jarmila